Jurisprudencia regional comparada de derechos humanos : el tribunal europeo y la corte interamericana /
Guardado en:
| Autor Principal: | |
|---|---|
| Otros Autores: | , , , , , , , , , , , , , , , , |
| Formato: | Desconocido |
| Idioma: | Spanish |
| Publicado: |
Valencia :
Tirant lo blanch,
2013
|
| Edición: | 1a. ed. |
| Series: | Derecho comparado ;
17 |
| Materias: | |
| Etiquetas: |
Agregar Etiqueta
Sin Etiquetas, Sea el primero en etiquetar este registro!
|
| LEADER | 01236nac a22003735a 4500 | ||
|---|---|---|---|
| 001 | DER.der012722 | ||
| 008 | 180615s2013####ag#||||||||||||||#||spa|| | ||
| 005 | 20250611153030.0 | ||
| 245 | 1 | 0 | |a Jurisprudencia regional comparada de derechos humanos : |b el tribunal europeo y la corte interamericana / |c coordinado por Fabián Salvioli y Claudio Zanghi. |
| 250 | |a 1a. ed. | ||
| 260 | |a Valencia : |b Tirant lo blanch, |c 2013 | ||
| 300 | |a 662 p. | ||
| 440 | 0 | |a Derecho comparado ; |v 17 | |
| 020 | |a 9788490334447 | ||
| 100 | 1 | |a Salvioli, Fabián, |e coord. | |
| 700 | 1 | |a Zanghi, Claudio, |e coord. | |
| 700 | 1 | |a Di Pietro, Diana. | |
| 700 | 1 | |a Draghici, Carmen. | |
| 700 | 1 | |a Ficorilli, Giorgia. | |
| 700 | 1 | |a Jeangeyn, Christine. | |
| 700 | 1 | |a Moscatelli, Silvana. | |
| 700 | 1 | |a Santiemma, Elena. | |
| 700 | 1 | |a Seraino, Andrea. | |
| 700 | 1 | |a Zambrano, Valentina. | |
| 700 | 1 | |a Del Marmol, Federico. | |
| 700 | 1 | |a Di Bernardi, Federico. | |
| 700 | 1 | |a Di Sarno, Federico. | |
| 700 | 1 | |a García Zeballos, Juan Herminio. | |
| 700 | 1 | |a López Ghio, Candelaria. | |
| 700 | 1 | |a Pozzio, Laura. | |
| 700 | 1 | |a Surasky, Javier. | |
| 700 | 1 | |a Vertíz Medina, James. | |
| 650 | 7 | |a DERECHOS HUMANOS | |
| 859 | |a DERECHO |b BIB. DERECHO |h 323 |i JUR |p 007553 | ||
